Tìm hiểu mạng máy tính
Sách giới thiệu những kiến thức cơ bản về mạng cục bộ (LAN) như cáp dùng cho LAN, cáp mạng, các phương pháp truy nhập LAN cùng chia sẻ môi trường truyền, các đặc tính chung của LAN, LAN chuyển mạch, mạng Bacbone, hệ điều hành (NOS)......
Đã lưu trong:
| Príomhúdar: | |
|---|---|
| Formáid: | Leabhar |
| Teanga: | Undetermined |
| Foilsithe: |
Hà Nội
Giáo Dục
1998
|
| Ábhair: | |
| Clibeanna: |
Cuir Clib Leis
Gan Chlibeanna, Bí ar an gcéad duine leis an taifead seo a chlibeáil!
|
| Thư viện lưu trữ: | Trung tâm Học liệu Trường Đại học Cần Thơ |
|---|
| LEADER | 00953nam a2200205Ia 4500 | ||
|---|---|---|---|
| 001 | CTU_28332 | ||
| 008 | 210402s9999 xx 000 0 und d | ||
| 020 | |b 11.500đ | ||
| 082 | |a 004.65 | ||
| 082 | |b V308 | ||
| 100 | |a Trần Việt | ||
| 245 | 0 | |a Tìm hiểu mạng máy tính | |
| 245 | 0 | |c Trần Việt | |
| 260 | |a Hà Nội | ||
| 260 | |b Giáo Dục | ||
| 260 | |c 1998 | ||
| 520 | |a Sách giới thiệu những kiến thức cơ bản về mạng cục bộ (LAN) như cáp dùng cho LAN, cáp mạng, các phương pháp truy nhập LAN cùng chia sẻ môi trường truyền, các đặc tính chung của LAN, LAN chuyển mạch, mạng Bacbone, hệ điều hành (NOS)... | ||
| 650 | |a information networks,local area networks ( computer networks ),network analysis - computer programs | ||
| 904 | |i Minh, 990122 | ||
| 980 | |a Trung tâm Học liệu Trường Đại học Cần Thơ | ||